000 00317nam a22000977a 4500
005 20250901165248.0
008 210301b ||||| |||| 00| 0 eng d
050 _aQP44 .T67
245 _aLaboratory exercises in anatomy and physiology with cat dissections
_cTORTORA, GERARD
942 _2lcc
_hQP44 .T67 1985
999 _c1187
_d1187